Every Historical Flag - Statistics

General Stats
  • This quiz has been taken 428 times
    427 since last reset
  • The average score is 54 of 180
Answer Stats
Picture Answer % Correct
Nepal
88%
Germany
78%
South Korea
76%
United Kingdom
73%
Iceland
72%
Cuba
70%
Saint Lucia
69%
China
68%
Lebanon
68%
Bulgaria
65%
Israel
65%
Serbia
65%
Luxembourg
64%
Bahrain
62%
Croatia
62%
Bhutan
61%
Mauritania
61%
Mexico
61%
New Zealand
61%
United States
61%
Albania
60%
Poland
60%
Portugal
60%
Sri Lanka
60%
Uruguay
60%
Dominica
59%
South Africa
59%
Bangladesh
57%
Iran
55%
Malawi
55%
Spain
55%
Canada
54%
Liberia
54%
Rwanda
53%
D.R. Congo
52%
Papua New Guinea
52%
Burundi
51%
Greece
51%
Ukraine
51%
eSwatini
50%
Hungary
50%
Ireland
50%
Jordan
50%
Thailand
49%
Equatorial Guinea
47%
Finland
47%
Gabon
47%
Laos
47%
The Netherlands
47%
Dominican Republic
45%
Montenegro
45%
Mali
44%
Sweden
44%
Argentina
42%
Cameroon
42%
Estonia
41%
Georgia
41%
Mozambique
41%
Libya
40%
Russia
40%
Uzbekistan
40%
Belarus
39%
Panama
39%
France
37%
Uganda
37%
North Macedonia
36%
Romania
36%
Afghanistan
35%
Lithuania
35%
Turkmenistan
35%
Lesotho
34%
Austria
33%
Indonesia
33%
Bosnia and Herzegovina
32%
Brazil
32%
Slovenia
32%
Kyrgyzstan
31%
Moldova
31%
Latvia
30%
Norway
30%
Andorra
28%
Egypt
28%
Saint Vincent and the Grenadines
28%
Belgium
27%
Ghana
27%
Sierra Leone
27%
Tajikistan
27%
The Philippines
27%
Myanmar
26%
San Marino
26%
Tanzania
26%
Zimbabwe
26%
Eritrea
25%
Taiwan
25%
Mongolia
24%
Morocco
23%
Barbados
22%
Honduras
22%
North Korea
21%
South Sudan
21%
Syria
21%
Italy
20%
Nigeria
20%
Comoros
19%
Denmark
19%
Ethiopia
19%
Oman
19%
Peru
19%
Tonga
19%
Yemen
19%
Tuvalu
18%
Vietnam
18%
El Salvador
17%
The Bahamas
17%
Armenia
16%
Azerbaijan
16%
Iraq
16%
Jamaica
16%
Republic of the Congo
16%
Saudi Arabia
16%
Slovakia
15%
Australia
14%
Burkina Faso
14%
Czech Republic
14%
Malta
14%
Benin
13%
Gambia
13%
India
13%
Japan
13%
Malaysia
13%
Mauritius
13%
Senegal
13%
Suriname
13%
Vatican City
13%
Brunei
12%
Chile
12%
Ecuador
10%
Haiti
10%
Saint Kitts and Nevis
10%
Zambia
10%
Cyprus
9%
Grenada
9%
Seychelles
9%
Switzerland
9%
Bolivia
8%
Cape Verde
8%
Nicaragua
8%
Singapore
8%
Sudan
8%
Tunisia
8%
Chad
7%
Fiji
7%
Namibia
7%
Paraguay
7%
United Arab Emirates
7%
Central African Republic
6%
Djibouti
6%
Guatemala
6%
Kenya
6%
Marshall Islands
6%
Somalia
6%
Togo
6%
Algeria
5%
Cambodia
5%
Costa Rica
5%
Guyana
4%
Kazakhstan
4%
Liechtenstein
4%
Venezuela
4%
Belize
3%
Samoa
3%
Solomon Islands
3%
Antigua and Barbuda
2%
Colombia
2%
Maldives
2%
Qatar
2%
Kiribati
1%
Madagascar
1%
Trinidad and Tobago
1%
Turkey
1%
No matching quizzes found
Score Distribution
Percent of People with Each Score
Percentile by Number Answered
Your Score History
You have not taken this quiz since the last reset